<?xml version="1.0" encoding="UTF-8"?>
<record
    xmlns:xsi="http://www.w3.org/2001/XMLSchema-instance"
    xsi:schemaLocation="http://www.loc.gov/MARC21/slim http://www.loc.gov/standards/marcxml/schema/MARC21slim.xsd"
    xmlns="http://www.loc.gov/MARC21/slim">

  <leader>02785cam a2200301   4500500</leader>
  <controlfield tag="005">20260329021633.0</controlfield>
  <datafield tag="041" ind1=" " ind2=" ">
    <subfield code="a">fre</subfield>
  </datafield>
  <datafield tag="042" ind1=" " ind2=" ">
    <subfield code="a">dc</subfield>
  </datafield>
  <datafield tag="100" ind1="1" ind2="0">
    <subfield code="a">Chachkine, Elsa</subfield>
    <subfield code="e">author</subfield>
  </datafield>
  <datafield tag="700" ind1="1" ind2="0">
    <subfield code="a">Jorro, Anne</subfield>
    <subfield code="e">author</subfield>
  </datafield>
  <datafield tag="245" ind1="0" ind2="0">
    <subfield code="a">Corps au travail et gestes d&#x2019;&#xE9;criture de doctorants</subfield>
  </datafield>
  <datafield tag="260" ind1=" " ind2=" ">
    <subfield code="c">2019.
							</subfield>
  </datafield>
  <datafield tag="500" ind1=" " ind2=" ">
    <subfield code="a">3</subfield>
  </datafield>
  <datafield tag="520" ind1=" " ind2=" ">
    <subfield code="a">Cette recherche explore la part de corpor&#xE9;it&#xE9; dans l&#x2019;&#xE9;criture de la th&#xE8;se de professionnels engag&#xE9;s dans un projet doctoral. Pour cela, les auteures de cet article mobilisent les travaux de Mauss sur les techniques du corps (1947, 1950), le courant ph&#xE9;nom&#xE9;nologique de Merleau-Ponty (1945, 1960) qui souligne l&#x2019;importance du rapport au monde, les travaux de van Genep sur les rites de passage (1987) et des travaux sur la formation des adultes. Une premi&#xE8;re analyse tente de comprendre le r&#xF4;le du corps dans l&#x2019;activit&#xE9; d&#x2019;&#xE9;criture de la th&#xE8;se, les lieux investis dans les diff&#xE9;rents moments de l&#x2019;&#xE9;criture, leur r&#xF4;le, la construction des lieux. La recherche du bien-&#xEA;tre et de l&#x2019;isolement pour certaines &#xE9;critures sont &#xE9;galement explor&#xE9;es. Une deuxi&#xE8;me analyse identifie cinq gestes d&#x2019;&#xE9;criture des sujets &#xE9;crivant au fil du parcours. Les r&#xE9;sultats de cette recherche nous semblent constituer des aides pour les doctorants et ceux qui les accompagnent.</subfield>
  </datafield>
  <datafield tag="520" ind1=" " ind2=" ">
    <subfield code="a">In this research, we explore the role played by the body in PhD writing for professionals involved in a doctoral project. For this purpose, the authors of this article mobilized Mauss ethonographic works &#x201C;man&#x2019;s first and most natural technical object, and at the same time technical means&#x201D; (1947, 1950), the phenomenological current of Merleau-Ponty (1945, 1960) which underlines the importance of the relation with the world, the works of van Genep on rites of passage (1987) and work on adult education. A first analysis tries to understand the role of the body in PhD writing, the places invested at the different moments of writing, their role, the construction of places. The search for well-being and isolation for particular "writing gestures" is also explored. The second section identifies five &#x201C;writing gestures&#x201D; that PhD supervisors and PhD candidates should be aware of.</subfield>
  </datafield>
  <datafield tag="690" ind1=" " ind2=" ">
    <subfield code="a">adulte &#xE9;crivant</subfield>
  </datafield>
  <datafield tag="690" ind1=" " ind2=" ">
    <subfield code="a">corpor&#xE9;it&#xE9; dans l&#x2019;&#xE9;criture</subfield>
  </datafield>
  <datafield tag="690" ind1=" " ind2=" ">
    <subfield code="a">&#xE9;criture de la th&#xE8;se</subfield>
  </datafield>
  <datafield tag="690" ind1=" " ind2=" ">
    <subfield code="a">gestes d&#x2019;&#xE9;criture</subfield>
  </datafield>
  <datafield tag="690" ind1=" " ind2=" ">
    <subfield code="a">rituel d&#x2019;&#xE9;criture</subfield>
  </datafield>
  <datafield tag="690" ind1=" " ind2=" ">
    <subfield code="a">adult writer</subfield>
  </datafield>
  <datafield tag="690" ind1=" " ind2=" ">
    <subfield code="a">body in writing activity</subfield>
  </datafield>
  <datafield tag="690" ind1=" " ind2=" ">
    <subfield code="a">PhD writing</subfield>
  </datafield>
  <datafield tag="690" ind1=" " ind2=" ">
    <subfield code="a">rituals</subfield>
  </datafield>
  <datafield tag="690" ind1=" " ind2=" ">
    <subfield code="a">writing gestures</subfield>
  </datafield>
  <datafield tag="786" ind1="0" ind2=" ">
    <subfield code="n">Le sujet dans la cit&#xE9; | Actuels 8 | 1 | 2019-12-04 | p. 35-56 | 2112-7689</subfield>
  </datafield>
  <datafield tag="856" ind1="4" ind2="1">
    <subfield code="u">https://shs.cairn.info/revue-le-sujet-dans-la-cite-2019-1-page-35?lang=fr&amp;redirect-ssocas=7080</subfield>
  </datafield>
  <datafield tag="999" ind1=" " ind2=" ">
    <subfield code="c">1914029</subfield>
    <subfield code="d">1914029</subfield>
  </datafield>
</record>
